Best NFL qb's 2023-2024 season - Statistics

General Stats
  • This quiz has been taken 398 times
  • The average score is 8 of 10
Answer Stats
# on list player % Correct
3 Patrick Mahomes
99%
2 Lamar Jackson
93%
4 Josh Allen
92%
6 Brock Purdy
86%
9 C.J. Stroud
79%
8 Jared Goff
78%
7 Dak Prescott
74%
1 Tua Tagovailoa
74%
5 Jordan Love
70%
10 Baker Mayfield
67%
No matching quizzes found
Score Distribution
Percent of People with Each Score
Percentile by Number Answered
Your Score History
You have not taken this quiz